000 00307nam a22001457a 4500
020 _a9971-512-52-1
041 _aENG
100 _aMeriam J.L
245 _aEngineering Mechanics
260 _aSingapore
_bjohn Wiley &Sons
_c1998
300 _a524
650 _aFS
700 _aKralge .L.G
856 _uFS
999 _c361
_d361